Normal view
MARC view
- Cleary, Heather
Entry Personal Name
001 - CONTROL NUMBER
- control field: 86814
003 - CONTROL NUMBER IDENTIFIER
- control field: OSt
005 - DATE AND TIME OF LATEST TRANSACTION
- control field: 20251028150945.0
008 - FIXED-LENGTH DATA ELEMENTS
- fixed length control field: 251028|| aca||aabn | a|a d
040 ## - CATALOGING SOURCE
- Original cataloging agency: OSt
- Transcribing agency: OSt
100 ## - HEADING--PERSONAL NAME
- Personal name: Cleary, Heather
670 ## - SOURCE DATA FOUND
- Source citation: Work cat.: (OSt)49685: García, Héctor, 1981- 86809, Ikigai :, 2016.